[Event "BL 0304 Solinger SG - SG Koeln Porz"]
[Site "?"]
[Date "2003.11.02"]
[Round "2.1"]
[White "Lutz, Christopher"]
[Black "Kasimdzhanov, Rustam"]
[Result "1/2-1/2"]
[WhiteElo "2613"]
[BlackElo "2668"]
[PlyCount "45"]
[EventDate "2003.??.??"]

1. e4 e5 2. Nf3 Nc6 3. Bb5 a6 4. Ba4 Nf6 5. O-O Be7 6. Re1 b5 7. Bb3 O-O 8. h3
Bb7 9. d3 d6 10. a3 Na5 11. Ba2 c5 12. Nc3 Nc6 13. Nd5 Nxd5 14. Bxd5 Qc7 15. c3
Nb8 16. Bxb7 Qxb7 17. d4 Nc6 18. Be3 exd4 19. cxd4 Bf6 20. Re2 Rad8 21. Rc1
cxd4 22. Nxd4 Ne5 23. Bf4 1/2-1/2

[Event "BL 0304 Solinger SG - SG Koeln Porz"]
[Site "?"]
[Date "2003.11.02"]
[Round "2.2"]
[White "Gabriel, Christian"]
[Black "Beliavsky, Alexander G"]
[Result "0-1"]
[WhiteElo "2560"]
[BlackElo "2667"]
[PlyCount "56"]
[EventDate "2003.??.??"]

1. e4 c5 2. Nf3 d6 3. d4 cxd4 4. Nxd4 Nf6 5. Nc3 a6 6. Be2 e6 7. a4 b6 8. f4
Bb7 9. Bf3 Nbd7 10. O-O Rc8 11. e5 Bxf3 12. Nxf3 dxe5 13. fxe5 Ng4 14. Qe2 Qc7
15. Ng5 Ndxe5 16. h3 Nf6 17. Bf4 Qc5+ 18. Kh1 Ng6 19. Qxa6 Nxf4 20. Rxf4 Be7
21. Nge4 Qc6 22. a5 bxa5 23. Qxc6+ Rxc6 24. Rxa5 O-O 25. Ra7 Bd8 26. Rf2 Nxe4
27. Nxe4 f5 28. Nc3 Rxc3 0-1

[Event "BL 0304 Solinger SG - SG Koeln Porz"]
[Site "?"]
[Date "2003.11.02"]
[Round "2.3"]
[White "Graf, Alexander"]
[Black "Sadler, Matthew"]
[Result "1-0"]
[WhiteElo "2646"]
[BlackElo "2626"]
[PlyCount "101"]
[EventDate "2003.??.??"]

1. d4 d5 2. c4 e6 3. Nc3 Nf6 4. cxd5 exd5 5. Bg5 Be7 6. e3 O-O 7. Bd3 Nbd7 8.
Nf3 Re8 9. Qc2 Nf8 10. O-O c6 11. a3 Ng6 12. Rae1 Ne4 13. Bxe7 Qxe7 14. Nd2
Nxd2 15. Qxd2 Qf6 16. Kh1 Re7 17. f3 Be6 18. Ne2 Rae8 19. Ng3 Nh4 20. Bc2 Rd7
21. Nh5 Qg5 22. Nf4 Nf5 23. Bxf5 Bxf5 24. g4 Be6 25. Qf2 Qe7 26. h4 c5 27. dxc5
Qxc5 28. Rc1 Qb6 29. Rfd1 f6 30. Rd4 Bf7 31. Qd2 Rde7 32. Rc3 a5 33. Kg2 Re5
34. Nxd5 Bxd5 35. Rxd5 Rxe3 36. Rxe3 Qxe3 37. Qxe3 Rxe3 38. Rb5 Re5 39. Rxb7 h5
40. gxh5 Rxh5 41. Kg3 Rd5 42. a4 Rd4 43. b3 Kh7 44. h5 Kh6 45. Rb5 Rd3 46. Kf4
Rc3 47. Ke4 Kh7 48. f4 Kh6 49. Kd5 Rf3 50. Kc6 f5 51. Rxa5 1-0

[Event "BL 0304 Solinger SG - SG Koeln Porz"]
[Site "?"]
[Date "2003.11.02"]
[Round "2.4"]
[White "Naumann, Alexander"]
[Black "Vaganian, Rafael A"]
[Result "1/2-1/2"]
[WhiteElo "2518"]
[BlackElo "2623"]
[PlyCount "39"]
[EventDate "2003.??.??"]

1. e4 Nf6 2. e5 Nd5 3. d4 d6 4. c4 Nb6 5. exd6 cxd6 6. Nc3 g6 7. Be3 Bg7 8. Rc1
O-O 9. b3 a5 10. Be2 a4 11. Nf3 axb3 12. axb3 Bg4 13. h3 Bxf3 14. Bxf3 Nc6 15.
O-O Nd7 16. Re1 Re8 17. Nb5 Ra2 18. Nc3 Ra3 19. Nb5 Ra2 20. Nc3 1/2-1/2

[Event "BL 0304 Solinger SG - SG Koeln Porz"]
[Site "?"]
[Date "2003.11.02"]
[Round "2.5"]
[White "Hansen, Curt"]
[Black "Werle, Jan"]
[Result "1/2-1/2"]
[WhiteElo "2616"]
[BlackElo "2409"]
[PlyCount "45"]
[EventDate "2003.??.??"]

1. Nf3 Nf6 2. c4 e6 3. Nc3 Bb4 4. Qc2 O-O 5. a3 Bxc3 6. Qxc3 d6 7. e3 b6 8. Be2
Bb7 9. O-O c5 10. d4 a5 11. b3 Nbd7 12. Bb2 Qe7 13. Rad1 Rfc8 14. dxc5 bxc5 15.
Nd2 Ne8 16. Bd3 a4 17. bxa4 Nb6 18. Qc2 h6 19. Rb1 Nxa4 20. Ba1 Bc6 21. Rb3 Qc7
22. Rfb1 Rcb8 23. Bh7+ {(=)} 1/2-1/2

[Event "BL 0304 Solinger SG - SG Koeln Porz"]
[Site "?"]
[Date "2003.11.02"]
[Round "2.6"]
[White "Emms, John M"]
[Black "Van den Doel, Erik"]
[Result "0-1"]
[WhiteElo "2520"]
[BlackElo "2609"]
[PlyCount "96"]
[EventDate "2003.??.??"]

1. e4 e5 2. Nf3 Nc6 3. Bb5 Nf6 4. O-O Nxe4 5. d4 Nd6 6. Bxc6 dxc6 7. dxe5 Nf5
8. Qxd8+ Kxd8 9. Nc3 Bd7 10. h3 Kc8 11. b3 b6 12. Bb2 Be7 13. g4 Nh4 14. Nxh4
Bxh4 15. Kg2 h5 16. f3 Kb7 17. Rad1 Rad8 18. Ne2 Bg5 19. Rd3 Be6 20. Rfd1 Rxd3
21. Rxd3 hxg4 22. hxg4 b5 23. Bc1 Bxc1 24. Nxc1 c5 25. Ne2 Re8 26. Nf4 c4 27.
Re3 cxb3 28. cxb3 Bc8 29. Kf2 a5 30. Ke2 c5 31. Kd3 Kc6 32. a3 g5 33. Nh3 Rg8
34. Ke4 b4 35. a4 Rd8 36. Rd3 f5+ 37. Ke3 Rxd3+ 38. Kxd3 fxg4 39. fxg4 Bxg4 40.
Nxg5 Bd1 41. e6 Bxb3 42. e7 Kd7 43. Ne4 c4+ 44. Kd4 Kxe7 45. Nc5 Ba2 46. Nb7 c3
47. Nc5 c2 48. Nd3 Bb3 0-1

[Event "BL 0304 Solinger SG - SG Koeln Porz"]
[Site "?"]
[Date "2003.11.02"]
[Round "2.7"]
[White "Nijboer, Friso"]
[Black "Schaefer, Markus"]
[Result "1/2-1/2"]
[WhiteElo "2577"]
[BlackElo "2374"]
[PlyCount "119"]
[EventDate "2003.??.??"]

1. e4 e6 2. d4 d5 3. Nc3 Nf6 4. e5 Nfd7 5. f4 c5 6. Nf3 Qb6 7. Na4 Qc6 8. Nc3
Qb6 9. Be3 a6 10. Na4 Qa5+ 11. c3 cxd4 12. b4 Qc7 13. Qxd4 Nc6 14. Qd2 b5 15.
Nb2 f6 16. a4 Rb8 17. axb5 axb5 18. Nd4 Nxd4 19. Bxd4 Be7 20. Be2 fxe5 21. fxe5
O-O 22. Qe3 Nb6 23. Bxb5 Nc4 24. Nxc4 dxc4 25. Ra7 Rb7 26. Rf1 Rxa7 27. Rxf8+
Bxf8 28. Bxa7 Qb7 29. Bxc4 Bxb4 30. Bd4 Ba5 31. Kf2 Qc6 32. Be2 Bb7 33. Bf3 Qd7
34. Qe2 Bxf3 35. gxf3 Qc6 36. Qb2 Bc7 37. Qb3 Kf7 38. c4 Ke8 39. Kg3 Bd8 40. h4
g6 41. Qb5 Kd7 42. Qb3 Ke8 43. Be3 Bc7 44. Kf4 h6 45. Qb5 Kd7 46. Kg4 Qxb5 47.
cxb5 Bxe5 48. Bxh6 Bf6 49. Bf4 Kc8 50. Bg5 Bc3 51. Kf4 Kd7 52. b6 Bd2+ 53. Kg4
Be1 54. b7 Kc7 55. Bd8+ Kxb7 56. Kg5 Kc6 57. Kxg6 Kd5 58. h5 Bd2 59. Bg5 Bc3
60. h6 1/2-1/2

[Event "BL 0304 SV Wattenscheid - SF Katernberg"]
[Site "?"]
[Date "2003.11.02"]
[Round "2.3"]
[White "Glek, Igor V"]
[Black "Rustemov, Alexander"]
[Result "1-0"]
[WhiteElo "2555"]
[BlackElo "2604"]
[PlyCount "93"]
[EventDate "2003.??.??"]

1. e4 e6 2. d4 d5 3. Nd2 c5 4. Ngf3 cxd4 5. exd5 Qxd5 6. Bc4 Qd6 7. Qe2 Nf6 8.
Nb3 Nc6 9. Bg5 a6 10. O-O-O b5 11. Bd3 Be7 12. Kb1 Bb7 13. Nbxd4 Nxd4 14. Nxd4
Bd5 15. Nf3 O-O 16. Ne5 b4 17. Rhe1 Rfd8 18. Bxf6 Bxf6 19. Bxh7+ Kf8 20. f4 g6
21. Bxg6 fxg6 22. Nxg6+ Kg8 23. Qg4 Bg7 24. Rxd5 exd5 25. Ne7+ Kf7 26. Qh5+ Kf8
27. Qh7 Qxe7 28. Rxe7 Kxe7 29. Qxg7+ Kd6 30. Qd4 Rab8 31. Qf6+ Kc5 32. Qxa6 b3
33. Qa5+ Kc6 34. Qc3+ Kd6 35. Qf6+ Kc5 36. axb3 Re8 37. Qc3+ Kd6 38. b4 Rbc8
39. Qd2 Re4 40. c3 Rce8 41. Ka2 d4 42. cxd4 Re3 43. b5 Ra8+ 44. Kb1 Rb3 45. Qe2
Kd5 46. Qe5+ Kc4 47. Qc5+ 1-0

[Event "BL 0304 SV Wattenscheid - SF Katernberg"]
[Site "?"]
[Date "2003.11.02"]
[Round "2.4"]
[White "Johannessen, Leif Erlend"]
[Black "Romero Holmes, Alfonso"]
[Result "0-1"]
[WhiteElo "2495"]
[BlackElo "2544"]
[PlyCount "104"]
[EventDate "2003.??.??"]

1. Nf3 Nf6 2. c4 g6 3. Nc3 Bg7 4. e4 d6 5. d4 O-O 6. Be2 Bg4 7. Be3 Nfd7 8. Rc1
c5 9. d5 b5 10. cxb5 a6 11. bxa6 Nxa6 12. O-O Qa5 13. Nd2 Bxe2 14. Qxe2 Rfb8
15. Nc4 Qb4 16. Bd2 Nb6 17. Nxb6 Qxb6 18. b3 Nc7 19. Na4 Qa6 20. Qxa6 Rxa6 21.
Bc3 Bxc3 22. Nxc3 Ra3 23. Rfd1 Nb5 24. Nxb5 Rxb5 25. Rd2 Rba5 26. Kf1 Rxa2 27.
Rxa2 Rxa2 28. Rb1 Ra5 29. Ke2 Rb5 30. Kd3 Rb4 31. f3 f5 32. exf5 gxf5 33. Kc3
Kf7 34. Rd1 Rh4 35. h3 Kf6 36. Rd2 Kf7 37. Rd1 h5 38. Rd2 Rf4 39. Rd1 h4 40.
Rd3 Rb4 41. Rd2 Kf6 42. Rd1 Kg5 43. Re1 Rb7 44. Re6 Kf4 45. Rg6 Ke3 46. g3 hxg3
47. Rxg3 f4 48. Rg7 Kxf3 49. Rf7 Ke3 50. h4 f3 51. h5 f2 52. h6 e5 0-1

[Event "BL 0304 SV Wattenscheid - SF Katernberg"]
[Site "?"]
[Date "2003.11.02"]
[Round "2.5"]
[White "Moreno Carnero, Javier"]
[Black "Appel, Ralf"]
[Result "1/2-1/2"]
[WhiteElo "2516"]
[BlackElo "2513"]
[PlyCount "50"]
[EventDate "2003.??.??"]

1. e4 Nf6 2. e5 Nd5 3. d4 d6 4. Nf3 c6 5. c4 Nc7 6. exd6 exd6 7. Bd3 Be7 8. h3
O-O 9. O-O d5 10. cxd5 Nxd5 11. Nc3 Be6 12. a3 Re8 13. Qc2 h6 14. Re1 Nd7 15.
Bd2 Bd6 16. Ne4 Bc7 17. Re2 Nf4 18. Bxf4 Bxf4 19. Rae1 Qa5 20. Nc5 Nxc5 21.
dxc5 Kf8 22. Bf5 Bd5 23. Be4 Be6 24. Bf5 Bd5 25. Be4 Be6 1/2-1/2

[Event "BL 0304 SV Wattenscheid - SF Katernberg"]
[Site "?"]
[Date "2003.11.02"]
[Round "2.6"]
[White "Handke, Florian"]
[Black "Senff, Martin"]
[Result "1/2-1/2"]
[WhiteElo "2476"]
[BlackElo "2446"]
[PlyCount "74"]
[EventDate "2003.??.??"]

1. d4 d5 2. c4 e6 3. Nc3 Be7 4. cxd5 exd5 5. Bf4 c6 6. e3 Bf5 7. g4 Be6 8. h3
Nd7 9. Nf3 Ngf6 10. Bg2 O-O 11. Ng5 c5 12. O-O h6 13. Nxe6 fxe6 14. Bg3 Qb6 15.
Qb3 a6 16. Rad1 cxd4 17. exd4 Rac8 18. Rfe1 Qxb3 19. axb3 Kf7 20. Re3 Rc6 21.
f4 Nb6 22. Rf1 g6 23. f5 exf5 24. gxf5 g5 25. Rfe1 Bb4 26. Re6 Rfc8 27. R1e2
Rxe6 28. fxe6+ Ke7 29. Be5 Bxc3 30. bxc3 Ne8 31. c4 dxc4 32. Bxb7 Rd8 33. bxc4
Nxc4 34. Bxa6 Nxe5 35. dxe5 Nc7 36. Bc4 Rd4 37. Ba2 Nxe6 1/2-1/2

[Event "BL 0304 SV Wattenscheid - SF Katernberg"]
[Site "?"]
[Date "2003.11.02"]
[Round "2.7"]
[White "Siebrecht, Sebastian"]
[Black "Holzke, Frank Dr"]
[Result "1/2-1/2"]
[WhiteElo "2435"]
[BlackElo "2471"]
[PlyCount "93"]
[EventDate "2003.??.??"]

1. d4 Nf6 2. Nf3 g6 3. c4 Bg7 4. Nc3 d5 5. Bg5 Ne4 6. Bh4 Nxc3 7. bxc3 dxc4 8.
Qa4+ Qd7 9. Qxc4 b6 10. Bg3 Nc6 11. e4 Bb7 12. Qa4 O-O 13. Ba6 Bxa6 14. Qxa6
Na5 15. O-O c5 16. dxc5 Qc6 17. cxb6 axb6 18. Qe2 Qxc3 19. Rac1 Qb4 20. h4 Rfc8
21. e5 Qg4 22. Qb5 Nc4 23. Rfd1 Ne3 24. Rxc8+ Rxc8 25. Rd4 Rc1+ 26. Kh2 Nf1+
27. Qxf1 Qxg3+ 28. Kxg3 Rxf1 29. Rd8+ Bf8 30. Ng5 h6 31. Ne4 Rc1 32. Rb8 Rc6
33. Kf3 Kg7 34. Ke3 Rc2 35. Ra8 Rb2 36. g3 Rb5 37. Kd4 e6 38. Nf6 Rb1 39. Ne8+
Kh7 40. Nf6+ Kg7 41. g4 Rf1 42. Ke3 Re1+ 43. Kf4 g5+ 44. hxg5 hxg5+ 45. Kf3 Rd1
46. Ke2 Rd4 47. Nh5+ 1/2-1/2

[Event "BL 0304 SC Baden Oos - TV Tegernsee"]
[Site "?"]
[Date "2003.11.22"]
[Round "3.1"]
[White "Khenkin, Igor"]
[Black "Anand, Viswanathan"]
[Result "1/2-1/2"]
[WhiteElo "2627"]
[BlackElo "2766"]
[PlyCount "31"]
[EventDate "2003.??.??"]

1. d4 Nf6 2. c4 e6 3. Nc3 Bb4 4. f3 d5 5. a3 Bxc3+ 6. bxc3 c5 7. cxd5 Nxd5 8.
dxc5 Qa5 9. e4 Ne7 10. Be3 O-O 11. Qb3 Qc7 12. Rb1 Nd7 13. Qc4 Ne5 14. Qb3 Nd7
15. Qc4 Ne5 16. Qb3 1/2-1/2

[Event "BL 0304 SC Baden Oos - TV Tegernsee"]
[Site "?"]
[Date "2003.11.22"]
[Round "3.3"]
[White "Boensch, Uwe"]
[Black "Dautov, Rustem"]
[Result "1/2-1/2"]
[WhiteElo "2545"]
[BlackElo "2610"]
[PlyCount "36"]
[EventDate "2003.??.??"]

1. d4 Nf6 2. c4 c6 3. Nf3 d5 4. e3 a6 5. Bd3 Bg4 6. Nbd2 e6 7. Qc2 Nbd7 8. b3
Bh5 9. O-O Bg6 10. e4 dxe4 11. Nxe4 Be7 12. Bf4 Nxe4 13. Bxe4 Bxe4 14. Qxe4 O-O
15. Rfd1 a5 16. a4 Re8 17. Rd3 Bf8 18. Rad1 Qe7 1/2-1/2

[Event "BL 0304 SC Baden Oos - TV Tegernsee"]
[Site "?"]
[Date "2003.11.22"]
[Round "3.5"]
[White "Teske, Henrik"]
[Black "Krasenkow, Michal"]
[Result "1/2-1/2"]
[WhiteElo "2518"]
[BlackElo "2597"]
[PlyCount "89"]
[EventDate "2003.??.??"]

1. e4 c5 2. Nf3 Nc6 3. d4 cxd4 4. Nxd4 Nf6 5. Nc3 e5 6. Nf5 d5 7. exd5 Bxf5 8.
dxc6 bxc6 9. Qf3 Qd7 10. Bg5 e4 11. Qe3 Ng4 12. Qd2 Qxd2+ 13. Bxd2 Bc5 14. Nd1
Nxf2 15. Nxf2 e3 16. Bxe3 Bxe3 17. Bd3 Be6 18. Ke2 Bd4 19. c3 Bb6 20. Rhd1
O-O-O 21. b3 Rd5 22. Ba6+ Kc7 23. Rxd5 Bxd5 24. Kf1 Re8 25. Rd1 Re5 26. Bd3 Rg5
27. Be4 Bxe4 28. Nxe4 Rh5 29. h3 Rf5+ 30. Ke2 Re5 31. Kd3 Kd7 32. Rd2 f5 33.
Ng5 h6 34. Nf3 Re4 35. b4 Ke6 36. a4 Re3+ 37. Kc4 Re4+ 38. Kb3 g5 39. a5 Be3
40. Rd8 Ke7 41. Ra8 Kd6 42. Rd8+ Kc7 43. Rf8 g4 44. Rf7+ Kd6 45. Nd4 1/2-1/2

[Event "BL 0304 SC Baden Oos - TV Tegernsee"]
[Site "?"]
[Date "2003.11.22"]
[Round "3.6"]
[White "Schlosser, Philipp"]
[Black "Stangl, Markus"]
[Result "1/2-1/2"]
[WhiteElo "2560"]
[BlackElo "2493"]
[PlyCount "38"]
[EventDate "2003.??.??"]

1. Nf3 c5 2. c4 Nf6 3. Nc3 b6 4. d4 cxd4 5. Nxd4 Bb7 6. f3 e6 7. e4 d6 8. Be3
Be7 9. Be2 O-O 10. O-O Re8 11. Qd2 a6 12. Rac1 Nbd7 13. a3 Bf8 14. Rfd1 Rc8 15.
b4 Qc7 16. Na4 Qb8 17. Nb3 Bc6 18. Nb2 Bb7 19. Na4 Bc6 1/2-1/2

[Event "BL 0304 SC Baden Oos - TV Tegernsee"]
[Site "?"]
[Date "2003.11.22"]
[Round "3.7"]
[White "Bromberger, Stefan"]
[Black "Buhmann, Rainer"]
[Result "1/2-1/2"]
[WhiteElo "2448"]
[BlackElo "2532"]
[PlyCount "66"]
[EventDate "2003.??.??"]

1. e4 e6 2. d4 d5 3. Nc3 Nf6 4. Bg5 Be7 5. e5 Nfd7 6. h4 Nc6 7. Qg4 f6 8. exf6
Nxf6 9. Qd1 O-O 10. Nf3 Ne4 11. Bd3 Nxc3 12. bxc3 e5 13. Nxe5 Nxe5 14. dxe5 Qe8
15. Bxe7 Qxe7 16. Qh5 Bf5 17. O-O g6 18. Qg5 Qc5 19. Qg3 Rae8 20. Bxf5 Rxf5 21.
Rae1 Re6 22. Kh1 Qc4 23. f4 Rexe5 24. fxe5 Rxf1+ 25. Rxf1 Qxf1+ 26. Kh2 Kf7 27.
e6+ Kxe6 28. Qxc7 Qf6 29. Qxh7 Qe5+ 30. Kg1 Qe3+ 31. Kh1 Qe1+ 32. Kh2 Qe5+ 33.
Kh1 Qe1+ 1/2-1/2

[Event "BL 0304 SC Baden Oos - TV Tegernsee"]
[Site "?"]
[Date "2003.11.22"]
[Round "3.8"]
[White "Keitlinghaus, Ludger"]
[Black "Gross, David"]
[Result "1-0"]
[WhiteElo "2503"]
[BlackElo "2458"]
[PlyCount "123"]
[EventDate "2003.??.??"]

1. e4 c5 2. c3 d5 3. exd5 Qxd5 4. d4 Nf6 5. Nf3 Bg4 6. Qa4+ Bd7 7. Qb3 cxd4 8.
Bc4 Qe4+ 9. Kf1 e6 10. cxd4 Nc6 11. Nc3 Qf5 12. Qxb7 Rb8 13. Qc7 Be7 14. b3 O-O
15. Qf4 Qa5 16. Bb2 Ba3 17. Bxa3 Qxa3 18. Kg1 Na5 19. Rc1 Rbc8 20. Ne5 Bc6 21.
h4 Bd5 22. Rh3 Nh5 23. Qd2 Bxc4 24. Nb1 Qd6 25. bxc4 Nc6 26. Nxc6 Rxc6 27. c5
Qf4 28. Qxf4 Nxf4 29. Re3 Rd8 30. g3 Nd5 31. Ra3 Nc7 32. Rb3 g6 33. Rc4 e5 34.
dxe5 Rd5 35. f4 Rdxc5 36. Rxc5 Rxc5 37. Rc3 Rb5 38. Nd2 Nd5 39. Rc8+ Kg7 40.
Rd8 Nc3 41. Rd7 Kf8 42. Nc4 Ne4 43. Rxa7 Nxg3 44. Nd6 Rb6 45. Rxf7+ Kg8 46. Rb7
Rxb7 47. Nxb7 Ne2+ 48. Kf2 Nxf4 49. Nc5 Nd5 50. a4 Kf7 51. a5 Nc7 52. a6 Nxa6
53. Nxa6 Ke6 54. Kg3 Kxe5 55. Kg4 h6 56. Nb4 Kf6 57. Nd3 Ke6 58. Nf2 Kf6 59.
Kf3 Kf5 60. Ng4 h5 61. Nh6+ Ke5 62. Ke3 1-0

[Event "BL 0304 Stuttgarter Sfr - SK König Plau"]
[Site "?"]
[Date "2003.11.22"]
[Round "3.1"]
[White "Markowski, Tomasz"]
[Black "Schmittdiel, Eckhard"]
[Result "1/2-1/2"]
[WhiteElo "2610"]
[BlackElo "2483"]
[PlyCount "97"]
[EventDate "2003.??.??"]

1. g3 c5 2. Bg2 Nc6 3. c4 g6 4. Nc3 a6 5. Nf3 Bg7 6. O-O d6 7. e3 Nf6 8. d4 O-O
9. b3 Bg4 10. h3 Bxf3 11. Bxf3 Nd7 12. Ne2 e5 13. Bb2 exd4 14. exd4 Qf6 15. Kg2
Rad8 16. Rb1 cxd4 17. Bxc6 bxc6 18. Bxd4 Qf5 19. Bxg7 Kxg7 20. Qd4+ Nf6 21. Nc3
c5 22. Qd2 d5 23. cxd5 Nxd5 24. Nxd5 Qxd5+ 25. Qxd5 Rxd5 26. Rb2 Rfd8 27. Rc1
Rd2 28. Rcc2 Rxc2 29. Rxc2 Rd5 30. Rc4 Kf6 31. Ra4 Rd6 32. Ra5 Rc6 33. Kf3 Ke5
34. Ke3 Kd6 35. Kd3 Kc7 36. Ra4 Rd6+ 37. Ke3 Re6+ 38. Kd3 Rd6+ 39. Ke4 Kb6 40.
h4 f5+ 41. Ke3 Re6+ 42. Kd2 Rd6+ 43. Ke3 Re6+ 44. Kf4 Re2 45. f3 Rh2 46. Kg5
Rh3 47. Kf4 Rh2 48. Kg5 Rh3 49. Kf4 1/2-1/2

[Event "BL 0304 Stuttgarter Sfr - SK König Plau"]
[Site "?"]
[Date "2003.11.22"]
[Round "3.2"]
[White "Berezovsky, Igor"]
[Black "Kindermann, Stefan"]
[Result "0-1"]
[WhiteElo "2444"]
[BlackElo "2538"]
[PlyCount "79"]
[EventDate "2003.??.??"]

1. d4 f5 2. Nc3 Nf6 3. Bg5 d5 4. Bxf6 exf6 5. e3 Be6 6. h4 h5 7. Nh3 c6 8. Qd3
g6 9. O-O-O Nd7 10. f3 Qc7 11. Nf4 Bf7 12. g3 Bh6 13. Kb1 O-O-O 14. Bh3 Rde8
15. Bg2 Nb6 16. b3 Re7 17. Rde1 Rhe8 18. Qd2 Kb8 19. e4 fxe4 20. fxe4 dxe4 21.
Rxe4 f5 22. Rxe7 Qxe7 23. Rd1 Bg7 24. Nce2 Rd8 25. Qa5 c5 26. d5 Qf6 27. c3 Qd6
28. Qa3 Bf8 29. Qc1 Re8 30. Ng1 Bh6 31. Ngh3 c4 32. Ng5 Bg8 33. Re1 Rc8 34. b4
Bg7 35. Nfe6 Bf6 36. Qf4 Qxf4 37. Nxf4 Bxc3 38. Re7 Bf6 39. Re3 c3 40. Nxg6 0-1

[Event "BL 0304 Stuttgarter Sfr - SK König Plau"]
[Site "?"]
[Date "2003.11.22"]
[Round "3.3"]
[White "Espig, Lutz"]
[Black "Steingrimsson, Hedinn"]
[Result "1/2-1/2"]
[WhiteElo "2429"]
[BlackElo "2396"]
[PlyCount "62"]
[EventDate "2003.??.??"]

1. Nf3 c5 2. c4 Nc6 3. Nc3 Nd4 4. Ng1 Nc6 5. g3 g6 6. Bg2 Bg7 7. Nf3 e6 8. O-O
Nge7 9. e3 O-O 10. d4 cxd4 11. Nxd4 d5 12. cxd5 Nxd5 13. Nxd5 exd5 14. Nxc6
bxc6 15. Qc2 Qb6 16. Bd2 Bf5 17. e4 dxe4 18. Bxe4 Bxe4 19. Qxe4 Rfe8 20. Qc4
Qxb2 21. Be3 Qxa1 22. Rxa1 Bxa1 23. Qxc6 a5 24. a4 Rac8 25. Qb5 Re5 26. Qd7
Rce8 27. Kg2 h5 28. Bd2 R8e7 29. Qd8+ Re8 30. Qd7 R8e7 31. Qd8+ Re8 1/2-1/2

[Event "BL 0304 Stuttgarter Sfr - SK König Plau"]
[Site "?"]
[Date "2003.11.22"]
[Round "3.4"]
[White "Papa, Severin"]
[Black "Sandner, Gunter"]
[Result "0-1"]
[WhiteElo "2401"]
[BlackElo "2311"]
[PlyCount "42"]
[EventDate "2003.??.??"]

1. e4 g6 2. d4 Bg7 3. Nc3 d6 4. Be3 a6 5. f4 Nd7 6. a4 b6 7. Nf3 Bb7 8. Bd3 c5
9. d5 Ngf6 10. Bc4 O-O 11. Qd3 b5 12. axb5 Nb6 13. bxa6 Nxc4 14. Qxc4 Qb6 15.
Qb3 Rxa6 16. Qxb6 Rxb6 17. O-O Rxb2 18. Rfb1 Rxc2 19. Bd2 Nxe4 20. Nxe4 Bxd5
21. Ra4 f5 0-1

[Event "BL 0304 Stuttgarter Sfr - SK König Plau"]
[Site "?"]
[Date "2003.11.22"]
[Round "3.5"]
[White "Haskamp, Stefan"]
[Black "Reuss, Andreas"]
[Result "1-0"]
[WhiteElo "2308"]
[BlackElo "2361"]
[PlyCount "101"]
[EventDate "2003.??.??"]

1. e4 c6 2. d3 d5 3. Qe2 dxe4 4. dxe4 e5 5. Nf3 Nf6 6. Nbd2 Nbd7 7. g3 Bc5 8.
Bg2 Qe7 9. O-O a5 10. Ne1 b6 11. Nd3 Ba6 12. Kh1 Rd8 13. Nf3 O-O 14. Nh4 g6 15.
Bg5 Rfe8 16. f4 exf4 17. Rxf4 h6 18. Bxh6 Bd6 19. Nf5 gxf5 20. Rxf5 Kh8 21.
Raf1 Rg8 22. Bd2 Bxd3 23. cxd3 Be5 24. Qe3 Rg7 25. d4 Bc7 26. e5 Nd5 27. Qh6+
Rh7 28. Qxc6 Nb8 29. Qc4 Qe6 30. Bg5 Rd7 31. Bxd5 Qxd5+ 32. Qxd5 Rxd5 33. Rxf7
Rxf7 34. Rxf7 Na6 35. Rf8+ Kg7 36. Ra8 Kg6 37. e6 Nb8 38. e7 Kf7 39. Bf4 Kxe7
40. Bxc7 Nd7 41. Bf4 Rxd4 42. Rc8 Rd1+ 43. Kg2 Ra1 44. a3 Rb1 45. Rc2 Nc5 46.
Bd2 Nd3 47. Bc3 Ke6 48. Rd2 Nc5 49. Re2+ Kd5 50. h4 Ne4 51. h5 1-0

[Event "BL 0304 Stuttgarter Sfr - SK König Plau"]
[Site "?"]
[Date "2003.11.22"]
[Round "3.6"]
[White "Lorscheid, Gerhard"]
[Black "Kuraszkiewicz, Michael"]
[Result "1/2-1/2"]
[WhiteElo "2297"]
[BlackElo "2304"]
[PlyCount "57"]
[EventDate "2003.??.??"]

1. d4 d5 2. c4 c6 3. Nc3 Nf6 4. e3 a6 5. Nf3 b5 6. b3 Bg4 7. Bd3 e6 8. O-O Be7
9. h3 Bh5 10. Qe2 O-O 11. Rd1 Nbd7 12. e4 b4 13. Na4 dxe4 14. Bxe4 Nxe4 15.
Qxe4 Rc8 16. Bf4 Re8 17. Rd2 Bxf3 18. Qxf3 Bg5 19. Re1 Qf6 20. Bxg5 Qxg5 21.
Qe3 Qxe3 22. Rxe3 Kf8 23. f4 a5 24. Kf2 Ra8 25. Kf3 Red8 26. g4 h6 27. h4 g6
28. Re1 Rab8 29. g5 1/2-1/2

[Event "BL 0304 Stuttgarter Sfr - SK König Plau"]
[Site "?"]
[Date "2003.11.22"]
[Round "3.7"]
[White "Dirr, Ulrich"]
[Black "Heinatz, Thomas"]
[Result "1/2-1/2"]
[WhiteElo "2299"]
[BlackElo "2332"]
[PlyCount "91"]
[EventDate "2003.??.??"]

1. e4 c5 2. Nf3 g6 3. d4 Bg7 4. dxc5 Qa5+ 5. c3 Qxc5 6. Na3 Bxc3+ 7. bxc3 Qxc3+
8. Qd2 Qxa1 9. Bc4 Nc6 10. O-O Qg7 11. Bb2 f6 12. Nb5 Kf8 13. e5 fxe5 14. Nc7
Rb8 15. Ng5 Nf6 16. f4 e4 17. f5 b5 18. Bb3 gxf5 19. Rxf5 Qg6 20. Qf4 d5 21.
Nge6+ Bxe6 22. Nxe6+ Ke8 23. Bxf6 Rg8 24. Rg5 Qxf6 25. Rxg8+ Kf7 26. Rxb8 Nxb8
27. Bxd5 Qxf4 28. Nxf4+ Kf6 29. Bg8 h6 30. Kf2 Ke5 31. Ke3 Nd7 32. Nd5 a5 33.
Nxe7 Nf6 34. Bb3 Ng4+ 35. Ke2 a4 36. Bd1 Nxh2 37. Kf2 Kd4 38. Nf5+ Kd3 39. Be2+
Kd2 40. Bxb5 Ng4+ 41. Kg3 Nf6 42. Kf4 Nd5+ 43. Ke5 Nc3 44. Bc4 e3 45. Ng3 e2
46. Nxe2 1/2-1/2

[Event "BL 0304 Stuttgarter Sfr - SK König Plau"]
[Site "?"]
[Date "2003.11.22"]
[Round "3.8"]
[White "Vuckovic, Aleksandar"]
[Black "Pfretzschner, Roland"]
[Result "0-1"]
[WhiteElo "2321"]
[BlackElo "2222"]
[PlyCount "122"]
[EventDate "2003.??.??"]

1. e4 c5 2. Nf3 Nc6 3. d4 cxd4 4. Nxd4 Nf6 5. Nc3 e5 6. Ndb5 d6 7. Nd5 Nxd5 8.
exd5 Ne7 9. c4 Ng6 10. Be3 a6 11. Nc3 Be7 12. Be2 f5 13. f3 Bh4+ 14. g3 Bf6 15.
Qa4+ Qd7 16. c5 O-O 17. Qxd7 Bxd7 18. cxd6 b5 19. a3 e4 20. fxe4 Rfe8 21. Kd2
fxe4 22. Rhe1 Nh8 23. Bf1 Nf7 24. Bc5 Rac8 25. Bb4 e3+ 26. Kc2 Bd8 27. Kb3 a5
28. Bxb5 Bxb5 29. Nxb5 Rb8 30. d7 Re5 31. Nd4 Rb7 32. Nc6 Re4 33. Kc2 axb4 34.
Kd3 Re5 35. Kd4 Bb6+ 36. Kc4 Rxd7 37. Nxe5 Nxe5+ 38. Kb5 Bd4 39. Rad1 Rb7+ 40.
Ka4 Nf3 41. Re2 bxa3 42. bxa3 Nd2 43. Rdxd2 exd2 44. Rxd2 Bf6 45. Rd3 Bd8 46.
Rf3 Rb2 47. h3 g6 48. Rf4 Rd2 49. Kb4 Rxd5 50. Kc4 Ra5 51. Kb4 Re5 52. Rf3 Be7+
53. Kb3 Re4 54. Kc2 Ra4 55. Kb2 Kg7 56. Re3 Kf7 57. Rf3+ Ke8 58. Re3 Ra7 59.
Ka2 Kf7 60. Kb2 Kf6 61. Ka2 Rxa3+ 0-1

[Event "BL 0304 SV Hofheim - Hamburger SK"]
[Site "?"]
[Date "2003.11.22"]
[Round "3.1"]
[White "Ftacnik, Lubomir"]
[Black "Hickl, Joerg"]
[Result "1-0"]
[WhiteElo "2585"]
[BlackElo "2562"]
[PlyCount "85"]
[EventDate "2003.11.22"]

1. Nf3 d6 2. d4 Nf6 3. c4 c6 4. g3 Nbd7 5. Bg2 e5 6. Nc3 Be7 7. e4 O-O 8. O-O
Re8 9. Qc2 Qc7 10. Bg5 h6 11. Be3 b6 12. Rac1 Bb7 13. h3 Bf8 14. Rfd1 a6 15.
Qd2 Rac8 16. d5 Qb8 17. Ne1 b5 18. cxb5 cxb5 19. b4 Rc4 20. Nd3 Rec8 21. Nb2
Rxb4 22. f3 Be7 23. Ne2 a5 24. Rxc8+ Bxc8 25. Nc1 Nb6 26. Nb3 Nc4 27. Nxc4 bxc4
28. Nxa5 Bd7 29. Nc6 Bxc6 30. dxc6 Ne8 31. Bf1 Bg5 32. f4 Bf6 33. c7 Nxc7 34.
Qxd6 c3 35. fxe5 Rxe4 36. exf6 Rxe3 37. Qd8+ Qxd8 38. Rxd8+ Kh7 39. Bd3+ g6 40.
Rd7 Nb5 41. Rxf7+ Kg8 42. Rg7+ Kf8 43. Bc4 1-0